• 首页
  • 本馆介绍
  • 公告通知
  • 最新文献
  • 馆藏检索
  • 电子资源
  • 读者导购
  • 参考咨询
  • 我的图书馆
  • 登录
  • 详细信息显示
  • 放入我的书架
  • 预约/预借图书
  • 作者相关作品
  • 分类相关作品
  • 丛书相关作品
  • 出版社相关作品

书目信息

  • 表格格式
  • 工作单格式
  • 卡片格式
题名:
人工智能原理
    
 
作者: 尼尔森 , Nilsson 著 ;石纯一 译
分册:  
出版信息: 北京   科学出版社  1983
页数: 439页
开本: 21cm
丛书名:
单 册:
中图分类: TP18 , TP11
科图分类:
主题词: 人工智能--理论 , 自动化系统--系统理论
电子资源:
ISBN:
000 00909nam0 2200313 45
001 0183004755
005 20040519170420.6
010    @dCNY2.60
091    @a15031.471
100    @a19950725d1983 em y0chiy0121 ea
101 1  @achi@ceng
102    @aCN@b110000
105    @ay z 000yy
106    @ar
200 10 @a人工智能原理@Aren gong zhi neng yuan li@f(美)尼尔逊(N.J.Nilsson)著@g石纯一译
210    @a北京@c科学出版社@d1983
215    @a439页@d21cm
300    @a书名原文:Princlples of artificial intelligence
510 1  @aPreinclples of artificial intelligence@zeng
606    @a人工智能@x理论
606 0  @a自动化系统@x系统理论
690    @aTP18@v3
690    @aTP11
701  1 @a尼尔森@Ani er sen@bN.J.@f美@4著
701 A1 @aNilsson@bN.J.@4著
702  0 @a石纯一@Ashi chun yi@4译
801  0 @aCN@b上海图书馆@c20040519
801  2 @aCN@bNLC@c20040519
905    @f1@b88219@dTP11@e15
    
    人工智能原理/(美)尼尔逊(N.J.Nilsson)著/石纯一译.-北京:科学出版社,1983
    439页;21cm
    书名原文:Princlples of artificial intelligence
    
    ISBN :CNY2.60
    
●
相关链接 在E读中查询图书 在五车中查询图书 在当当中查询图书 在豆瓣中查询图书


正题名:人工智能原理     索取号:TP11/15         预约/预借

序号 登录号 条形码 馆藏地/架位号 状态 备注
1 0088219   000701752   第三借阅区/ [索取号:TP11/15] 在馆    
2 0088220   000701761   第二样本阅览室/ [索取号:TP11/15] 在馆    
唐山师范学院图书馆 欢迎您!
大连网信软件有限公司© 版权所有